00777nam a22002297a 4500003000500000005001700005008004100022010000900063011000900072035000900081040000900090100003900099245013300138260004000271300001000311500001100321502009900332650003900431650002800470650002600498650002300524CHAP20220329133441.0971013s1991 r 00010 d a6537 a7509 a6732 cCHAP00aVivas Enríquez, Ignacio Enrique. aEvolución de la especialidad de Economía Agrícola de la UACH y las actividades profesionales de sus últimas generaciones aChapingo, Méx. :bEl autor,c1991 a91 h. a62-180 aTesis (Ing. Agr. Esp. en Economía Agrícola) -- UACH. Departamento de Economía Agrícola14aEconomíaxEstudio y enseñanza.14aEducación agrícola.14aEscuelas agrícolas.14aPlanes de estudio.